| 000 | 00999nam a2200301Ia 4500 | ||
|---|---|---|---|
| 001 | dia_3272 | ||
| 003 | CHAP | ||
| 005 | 20251023171431.0 | ||
| 008 | 220117s2000 xx 000 0 und d | ||
| 010 | _a173767 | ||
| 020 | _a968-18-4708-3 | ||
| 040 | _cCHAP | ||
| 082 | _a660.63 B56 2000 | ||
| 245 |
_aBiotecnología para ingenieros : sistemas biológicos en procesos tecnológicos / _c compilación Alan Scragg ; traducción Leonor Huerta |
||
| 260 |
_aMéxico : _b Limusa, _c2000 |
||
| 300 | _a410 p. | ||
| 500 | _aTitulo original: Biotechnology for engineers: Biological systems in technological processes | ||
| 503 | _aC/e | ||
| 504 | _aIncluye bibliografías | ||
| 590 | _aTP248.2 B56 2000 | ||
| 650 |
_aBiotechnology _9154433 |
||
| 650 |
_aBiotecnología _912878 |
||
| 710 |
_aScragg, Alan, comp. \ Huerta, Leonor, tr. _9154434 |
||
| 901 | _a660.63 B56 2000 | ||
| 902 | _aM | ||
| 905 | _a5232272000 MX amn 8222123322SPA26 | ||
| 942 |
_cLIBRO _2ddc |
||
| 999 |
_c173767 _d173767 |
||